UM Logo

Writing skills, knowledge, motivation, and strategic behavior predict students' persuasive writing performance in the context of robust writing instruction / (Record no. 21085)

MARC details
000 -LEADER
fixed length control field 01276nam a22002657a 4500
005 - DATE AND TIME OF LATEST TRANSACTION
control field 20260210091225.0
008 - FIXED-LENGTH DATA ELEMENTS--GENERAL INFORMATION
fixed length control field 240830b ||||| |||| 00| 0 eng d
082 ## - DEWEY DECIMAL CLASSIFICATION NUMBER
Classification number DPer 372.05 El262 March-June 2019 v. 119 n. 3-4
100 ## - MAIN ENTRY--PERSONAL NAME
Personal name Graham, Steve.
Relator term author.
9 (RLIN) 59495
245 ## - TITLE STATEMENT
Title Writing skills, knowledge, motivation, and strategic behavior predict students' persuasive writing performance in the context of robust writing instruction /
Statement of responsibility, etc. Steve Graham, Kausalai Wijekumar, Karen R. Harris, Pui-Wa Lei, Evan Fishman, Amber B. Ray, and Julia Houston.
260 ## - PUBLICATION, DISTRIBUTION, ETC. (IMPRINT)
Place of publication, distribution, etc. Chicago,USA ;
Name of publisher, distributor, etc. University of Chicago Press ,
Date of publication, distribution, etc. March 2019.
300 ## - PHYSICAL DESCRIPTION
Extent Volume 119, pages 487-510 ;
Other physical details illustration ;
Dimensions 25 cm.
500 ## - GENERAL NOTE
General note The Elementary School Journal, vol. 119, no. 3, pages 487-510, March 2019.
650 #0 - SUBJECT ADDED ENTRY--TOPICAL TERM
Topical term or geographic name as entry element Elementary school students.
9 (RLIN) 64906
650 #0 - SUBJECT ADDED ENTRY--TOPICAL TERM
Topical term or geographic name as entry element Gender differences.
9 (RLIN) 64948
650 #0 - SUBJECT ADDED ENTRY--TOPICAL TERM
Topical term or geographic name as entry element Student motivation.
9 (RLIN) 64901
700 ## - ADDED ENTRY--PERSONAL NAME
Personal name Graham, Steve.
Relator term author.
9 (RLIN) 59495
700 ## - ADDED ENTRY--PERSONAL NAME
Personal name Wijekumar, Kausalai.
Relator term author.
9 (RLIN) 59496
700 ## - ADDED ENTRY--PERSONAL NAME
Personal name Harris, Karen R.
Relator term author.
9 (RLIN) 59497
700 ## - ADDED ENTRY--PERSONAL NAME
Personal name Lei, Pui-Wa.
Relator term author.
9 (RLIN) 59498
700 ## - ADDED ENTRY--PERSONAL NAME
Personal name Fishman, Evan.
Relator term author.
9 (RLIN) 59499
700 ## - ADDED ENTRY--PERSONAL NAME
Personal name Ray, Amber B.
Relator term author.
9 (RLIN) 59500
700 ## - ADDED ENTRY--PERSONAL NAME
Personal name Houston, Julia.
Relator term author.
9 (RLIN) 59501
942 ## - ADDED ENTRY ELEMENTS (KOHA)
Source of classification or shelving scheme Dewey Decimal Classification
Koha item type Periodicals
Holdings
Withdrawn status Lost status Source of classification or shelving scheme Damaged status Not for loan Collection code Home library Current library Date acquired Total Checkouts Full call number Date last seen Price effective from Koha item type Public note
    Dewey Decimal Classification     Periodicals UM Digos College - LIC UM Digos College - LIC 08/30/2024   DPer 372.05 El262 March-June 2019 v. 119 n. 3-4 08/30/2024 08/30/2024 Periodicals Periodical Article